Word Ladder: Mixed Synonyms Quiz Stats

 Plays Quiz Updated Aug 15, 2018

Score 0/38 Timer 05:00
0 Plays Today
Hint 4-Letter Word % Correct
Fire residueSOOT
87.8%
Give someone the ____ (evict)BOOT
87.7%
TortoiselikeSLOW
86.7%
Ink oopsieBLOT
85.2%
In greater numberMORE
85%
___ for thoughtFOOD
84.9%
K____ or Wal____MART
83.8%
Narrow openingSLOT
83%
Bomb a testFAIL
82.8%
Sentence componentWORD
81.6%
Ebony or teak, e.g.WOOD
80.8%
JesterFOOL
80%
Zorro and the Phantom both had oneMASK
79.3%
Wind surgeGUST
78.4%
Mammal that is also an SI unitMOLE
76.7%
Minor argumentSPAT
76.6%
Shed skinMOLT
76.3%
CROSS🕈BLOW🕈
76.2%
Damon or Ryan, e.g.MATT
75.2%
Hint 4-Letter Word % Correct
Dog that you've seen run?SPOT
74.7%
RequirementMUST
74.5%
____ accompliFAIT
73.1%
General ideaGIST
72.9%
CROSS🕈FORD🕈
72.8%
CROSS🕈MARK🕈
71.8%
CROSS🕈FOIL🕈
71.5%
Bygone timePAST
70.3%
HarelikeFAST
69.6%
IlkSORT
67.9%
Covered with gold leafGILT
67.7%
CROSS🕈SORE🕈
65.2%
CROSS🕈MUTT🕈
60.2%
ShockJOLT
55.2%
GatherMASS
50.1%
CROSS🕈JILT🕈
48.7%
CROSS🕈PASS🕈
45.7%
CROSS🕈SPAN🕈
37.3%
CROSS🕈ROOD🕈
27.2%

Today's Daily Dose

Missing Word
1940s A-Z

Quick Pick
'S' Athletes

Get the Picture
Depp or Bonham Carter

You're not logged in!

Compare scores with friends on all Sporcle quizzes.
OR
Log In

Sporcle TV

Today on Sporcle TV


Watch our educational content, quiz creation guides, and fun videos on Sporcle TV.

Show Comments

Extras

Top Quizzes Today


Score Distribution

Your Account Isn't Verified!

In order to create a playlist on Sporcle, you need to verify the email address you used during registration. Go to your Sporcle Settings to finish the process.

Report this User

Report this user for behavior that violates our Community Guidelines.

Details: